000 00768cam a22002531 4500
001 sa 66007442
003 DLC
005 20260227112305.0
008 860910s1958 ii af 000 0 eng
010 _asa 66007442
025 _aPL480:I-E-6460
035 _a(OCoLC)17379283
040 _aDLC
_cPU
_dDLC
042 _apremarc
043 _aa-ii---
050 0 0 _aN3730
_b.A6
110 2 _aIndian Museum.
_bArt Section.
245 1 2 _aA short guide book,
_cwritten & prepared by Chintamoni Kar, keeper & officer-in-charge, and Tinkari Mukerjee, deputy keeper.
260 _a[Calcutta]
_c1958.
300 _a1 v. (unpaged)
_billus., plates (part col.)
_c22 cm.
650 0 _aArt
_zIndia
_zKolkata.
700 1 _aKara, Cintāmaṇi.
700 1 _aMukerjee, Tinkari.
999 _c71198
_d71198